Donuts Tracklist (JDilla) - Statistics

General Stats
  • This quiz has been taken 17 times
  • The average score is 18 of 31
Answer Stats
Hint Answer % Correct
29 Bye.
92%
18 Don't Cry
92%
1 Donuts (outro)
92%
28 Hi.
85%
2 Workinonit
85%
30 Last Donut Of The Night
77%
13 Lightworks
77%
26 The Factory
77%
27 U-Love
77%
6 Stop
69%
19 Anti-American Graffiti
62%
7 People
62%
5 The New
62%
10 Time: The Donut Of The Heart
62%
25 Walkinonit
62%
31 Welcome To The Show
62%
12 Airworks
54%
24 Dilla Says Go
54%
11 Glazed
46%
23 One For Ghost
46%
8 The Diff'rence
46%
3 Waves
46%
20 Geek Down
38%
22 Gobstopper
38%
9 Mash
38%
14 Stepson Of The Clapper
38%
17 Two Can Win
38%
4 LIght It
23%
15 The Twister (Huh, What)
23%
21 Thunder
23%
16 One Eleven
8%
No matching quizzes found
Score Distribution
Percent of People with Each Score
Percentile by Number Answered
Your Score History
You have not taken this quiz